[Event "Speed Chess Championship 2020"]
[Site "Online"]
[Date "2020.11.04"]
[Round "1.5"]
[White "Carlsen, Magnus"]
[Black "Maghsoodloo, Parham"]
[Result "0-1"]
[WhiteElo "2862"]
[BlackElo "2676"]
[Annotator "TA"]
[PlyCount "84"]
[EventDate "2020.10.31"]
[EventType "k.o."]
[SourceTitle "playchess.com"]
[Source "ChessBase"]
[SourceQuality "1"]

{[%evp 18,84,0,-10,25,14,19,7,25,5,10,8,10,14,12,0,0,0,0,0,0,0,0,-358,-350,-341,-348,-337,-277,-274,-281,-278,-281,-269,-275,-265,-260,-262,-234,-251,-216,-234,-216,-237,-202,-215,-200,-204,-195,-347,-362,-372,-366,-425,-417,-553,-598,-592,-588,-587,-586,-561,-555,-894,-887,-1285,-1260,-5824,-5816]} 1. d4 Nf6 2. c4 e6 3. Nc3 Bb4 4. e3 O-O 5. Bd3 d5 6. a3 Bxc3+ 7. bxc3 dxc4 8. Bxc4 c5 9. Ne2 Nc6 10. O-O b6 {E49: Nimzo-Indian: Rubinstein: 5 Bd3 d5 6 a3 Bxc3+ 7 bxc3.} 11. Bb2 Bb7 12. Bd3 {[#]} e5 $146 {The position is equal.} ({Predecessor:} 12... Qe7 13. Ng3 Rfd8 14. Qe2 a6 15. Rad1 b5 16. c4 bxc4 17. Bxc4 cxd4 18. exd4 Nd5 {0-1 (38) Cosme Contreras,T (2027)-Ulziikhishigjargal,O (2194) New Delhi 2019}) 13. Ng3 cxd4 14. cxd4 exd4 15. Rc1 Re8 16. e4 Nd7 17. Bb5 Nc5 $36 {[%mdl 2048] Black is pushing.} 18. f3 a6 19. Bxc6 Bxc6 20. Bxd4 $2 {[%mdl 8192] [#] White is now going downhill.} (20. Qxd4 $11 {and White is okay.} Qxd4+ 21. Bxd4) 20... Ba4 $1 $19 {[%cal Ra4d1]} 21. Bxc5 ({Of course not} 21. Qd2 Nb3 $19) 21... Bxd1 22. Rfxd1 Qxd1+ ({Weaker is} 22... bxc5 23. Rxd8 Rexd8 24. Nf5 $19) 23. Rxd1 bxc5 {[%mdl 4096] Endgame KRR-KRN} 24. Rc1 Rec8 25. Nf5 {intending Ne7+.} Kf8 26. Nd6 Rc7 27. Nc4 Rd8 28. Kf2 Rd4 29. Ke3 Ke7 30. h4 f6 31. g4 Kd7 32. h5 Kc6 33. Kf4 $2 (33. a4) 33... Kb5 34. Ne3 c4 {[%cal Bc5c4,Bc4c3,Bc3c2][%mdl 32]} 35. Nd5 Rc5 {Hoping for ...Rcxd5.} 36. Rb1+ Ka4 {White must now prevent ...Rcxd5.Black is clearly winning.} 37. Ke3 Rd3+ {[%mdl 64] Double Attack} 38. Ke2 {With the idea Nb6+.} Rb3 39. Rc1 c3 40. Kd3 c2+ 41. Kd4 Rb1 42. Nc3+ {[#]} Rxc3 $1 {[%mdl 512] Av CentiPawn Loss W=-80/B=-7. Weighted=-101/-8} 0-1

[Event "Speed Chess Championship 2020"]
[Site "Online"]
[Date "2020.11.08"]
[Round "1.5"]
[White "So, Wesley"]
[Black "Abdusattorov, Nodirbek"]
[Result "1-0"]
[WhiteElo "2816"]
[BlackElo "2662"]
[Annotator "TA"]
[PlyCount "57"]
[EventDate "2020.10.31"]
[EventType "k.o."]
[SourceTitle "playchess.com"]
[Source "ChessBase"]
[SourceQuality "1"]

{[%evp 14,57,24,20,28,27,20,22,25,27,27,38,3,20,37,0,0,0,0,-1,-2,-7,-4,-35,-10,-11,33,75,193,15,196,193,245,250,568,565,555,561,583,583,576,575,548,513,490,467]} 1. e4 e5 2. Nf3 Nc6 3. Bc4 Nf6 4. Ng5 d5 5. exd5 Na5 6. Bb5+ c6 7. dxc6 bxc6 8. Bd3 Nd5 {C58: Two Knights: 4 Ng5 d5 5 exd5 Na5 sidelines.} 9. Nf3 Bd6 10. O-O O-O {The position is equal.} 11. Re1 f5 {White must now prevent ...e4. now scores much better than the old 11...Re8.} 12. Nxe5 {Hoping for b3.} Qf6 $1 13. Nf3 {Threatens to win with Bf1.} g5 $1 {[%cal Rg5g4]} 14. c4 $5 {[%mdl 4] Leaves trodden paths.} Nf4 15. Bf1 g4 16. d4 {aiming for Ne5.} gxf3 17. Qxf3 Ne6 $1 {[%cal Re6d4]} 18. c5 {[#]} Nxd4 $146 ({Predecessor:} 18... Bc7 19. b4 Qxd4 20. Qc3 Qxc3 21. Nxc3 Nb7 22. Bc4 Re8 23. Bb2 a5 24. b5 Nbxc5 {1-0 (54) Aronian,L (2772)-Vidit,S (2722) Kolkata 2019}) 19. Qc3 Bc7 20. b4 {[%mdl 1024] White has compensation.} Nb7 {[#]} (20... Rb8 $16) 21. Bc4+ $2 (21. Bb2 $1 $18 Rd8 22. Na3) 21... Kg7 $2 {[#] Black cannot hold the game after this.} (21... Ne6 $1 $11) 22. Bb2 $1 $18 Rd8 (22... Be5 $142) 23. Nd2 {[%cal Bb1d2,Bd2b3,Bb3d4][%mdl 32]} a5 $2 (23... Be5 {is tougher.} 24. Rxe5 Qxe5) 24. Nb3 {White is clearly winning.} ({Weaker is} 24. Qe3 Kg6 $18) 24... axb4 25. Qxd4 Rxd4 26. Bxd4 Qxd4 27. Nxd4 Kf6 28. Nxc6 Nxc5 29. Nxb4 {Av CentiPawn Loss W=-12/B=-32. Weighted=-22/-26} 1-0

[Event "Speed Chess Championship 2020"]
[Site "Online"]
[Date "2020.11.11"]
[Round "1.5"]
[White "Nepomniachtchi, Ian"]
[Black "Aronian, Levon"]
[Result "1/2-1/2"]
[WhiteElo "2784"]
[BlackElo "2781"]
[Annotator "TA"]
[PlyCount "109"]
[EventDate "2020.10.31"]
[EventType "k.o."]
[SourceTitle "playchess.com"]
[Source "ChessBase"]
[SourceQuality "1"]

{[%evp 9,109,-17,-20,-22,-1,-48,-17,-41,34,26,30,28,4,-4,44,0,7,0,0,0,0,0,0,1,10,0,0,-16,-14,-13,-16,-13,-10,-12,-8,-11,-8,-22,-18,-45,-45,-47,-45,-46,-22,-29,-29,-95,-46,-47,-12,-14,-22,-15,0,0,0,-12,0,0,0,0,0,0,0,0,0,0,0,0,0,0,0,0,9,0,0,0,0,0,0,0,0,0,0,0,0,0,0,0,0,0,0,0,0,0,0,0,0,0,0,0]} 1. b3 Nf6 2. Bb2 g6 3. e4 d6 4. Nc3 Bg7 5. d4 O-O 6. Qd2 {[#] A01: Nimzowitsch-Larsen Opening.} e5 $146 {[#] ...exd4 is the strong threat.} ({Predecessor:} 6... c5 7. O-O-O cxd4 8. Qxd4 Nc6 9. Qe3 Bd7 10. h4 Qb6 11. Qxb6 axb6 12. f3 h5 {1-0 (29) Muningis,P (2146)-Scekaciov,R (1560) Lithuania 2019}) 7. Nf3 Nc6 8. O-O-O exd4 (8... Ng4 $15 9. Nd5 Bh6) 9. Nxd4 $14 Nxd4 10. Qxd4 Re8 {[#] Threatens to win with ...Nxe4.} 11. Qd3 b5 12. f3 b4 13. Nd5 Nxd5 14. Qxd5 Be6 15. Qa5 c5 16. Qxd8 Rexd8 17. Bc4 a5 18. Rd3 a4 19. Rhd1 axb3 20. axb3 Ra2 21. Bxg7 Kxg7 22. Bd5 Kf6 23. Kb1 Ra6 24. c3 bxc3 25. Rxc3 Rb8 26. Kb2 Bxd5 27. Rxd5 $15 {[%mdl 4096] Endgame KRR-KRR} Ke6 28. Rc2 (28. g4 $11) 28... Rba8 {White must now prevent ...Ra2+.} 29. Kc3 f5 30. Rcd2 {The position is equal.} fxe4 31. fxe4 Rb8 32. e5 {[%cal Rd5d6]} dxe5 {White should prevent ...Rab6.} 33. Rxc5 Rab6 34. Rb2 Rb4 35. Rc4 Rxc4+ 36. Kxc4 $11 {KR-KR} Rc8+ 37. Kd3 Kd5 38. Ra2 e4+ 39. Kd2 Rb8 40. Ra5+ Kd4 41. Ra4+ Kd5 42. Kc3 Rc8+ (42... Ke5 {seems wilder.} 43. Ra1 Rc8+ 44. Kd2 Rd8+ 45. Kc3 Rf8) 43. Rc4 Rxc4+ 44. bxc4+ {K3P-K3P} Kc5 45. g3 h6 (45... g5 $5 46. g4 $8 e3 $11) 46. h3 e3 47. Kd3 e2 $1 {[%cal Re2e1]} 48. Kxe2 Kxc4 {KPP-KPP} 49. Ke3 {aiming for Ke4.} Kd5 50. Kf4 Ke6 51. h4 h5 52. g4 hxg4 53. Kxg4 Kf6 54. h5 gxh5+ 55. Kxh5 {Weighted Error Value: White=0.07/Black=0.07} 1/2-1/2

[Event "Speed Chess Championship 2020"]
[Site "Online"]
[Date "2020.12.08"]
[Round "1.5"]
[White "Vachier-Lagrave, Maxime"]
[Black "Nihal Sarin"]
[Result "1-0"]
[WhiteElo "2784"]
[BlackElo "2620"]
[Annotator "TA"]
[PlyCount "137"]
[EventDate "2020.10.31"]
[EventType "k.o."]

{[%evp 13,137,0,16,0,0,0,0,-5,0,-7,-1,-18,-13,-10,-7,-10,34,10,18,0,0,0,-2,0,0,0,-11,-10,0,7,0,-10,0,0,4,0,0,0,32,0,15,0,0,0,10,0,0,0,0,0,0,0,0,0,0,0,0,0,22,9,29,15,27,31,16,22,20,24,26,0,8,1,0,0,68,68,68,68,68,68,110,68,68,68,389,247,281,147,1413,1423,1420,1218,29974,29975,29975,29976,29976,29977,29977,29978,29993,29994,29994,29992,29992,29979,29979,29980,29980,29980,29978,29978,29978,29978,29983,29984,29986,29987,29996,29987,29996,29997,29997,29998,29998,29999]} 1. c4 Nf6 2. Nf3 e6 3. e3 d5 4. b3 c5 5. Bb2 Nc6 6. cxd5 exd5 7. Bb5 Bd6 8. d4 {A13: English Opening: 1...e6.} cxd4 9. Nxd4 O-O {aiming for ...Qa5+.} 10. Nd2 $5 {[%mdl 4] The position is equal. A promising side line.} Nxd4 11. Bxd4 Qa5 12. Bd3 Bg4 13. f3 Be6 14. a3 Nd7 15. b4 Qd8 16. O-O Ne5 17. Bc2 Nc6 18. Bb2 Be5 19. Bxe5 Nxe5 20. Nb3 Nc4 21. Qd3 {[%csl Gc2][%cal Rd3h7]} g6 22. Nd4 Qf6 23. Bb3 Rac8 24. Rac1 Rfe8 25. Rfe1 Kg7 26. Bxc4 Rxc4 27. Rxc4 dxc4 28. Qc3 Kg8 29. Nb5 Qxc3 30. Nxc3 $11 {[%mdl 4096] Endgame KRB-KRN} Rd8 31. Rd1 $1 {[%cal Rd1d8]} Rxd1+ 32. Nxd1 {KB-KN} Kf8 33. Kf2 Ke7 34. e4 Kd6 35. Ke3 f6 36. Kd4 b5 37. Nc3 a6 38. a4 Bd7 39. axb5 axb5 40. Nd5 Ke6 41. h4 Bc6 42. Nf4+ Kd6 43. g4 Bb7 ({Black should play} 43... g5 $11 44. Ng2 h6) 44. g5 $14 fxg5 $1 45. hxg5 Bc6 46. Ne2 Bd7 47. f4 Bc6 48. Nc3 Ke6 $2 {[%mdl 8192]} ({Black should try} 48... Be8 $14) 49. Kc5 $18 Bd7 50. Nd5 Kf7 $2 {[%mdl 8192] [#] This costs Black the game.} (50... Be8 $16 51. Nc3 Bd7) 51. Kd6 $1 {[%cal Rd6d7]} Be8 52. e5 Kf8 53. e6 {White mates.} Kg7 54. Nf6 Kf8 55. Nxh7+ Kg7 56. Nf6 Kf8 57. e7+ Kf7 58. f5 c3 59. fxg6+ {[%mdl 64] [#] Overworked Piece} Kxg6 60. Nxe8 {KN-KPP} c2 61. Nc7 c1=Q 62. e8=Q+ {[%mdl 64] Double Attack} Kxg5 63. Qxb5+ Kf6 64. Nd5+ Kg6 65. Qd3+ Kf7 66. Qf5+ Ke8 67. Qd7+ Kf8 68. Qe7+ Kg8 69. Nf6+ {Accuracy: White = 96%, Black = 75%.} 1-0

[Event "Speed Chess Championship 2020"]
[Site "Online"]
[Date "2020.11.04"]
[Round "1.5"]
[White "Firouzja, Alireza"]
[Black "Fedoseev, Vladimir"]
[Result "1/2-1/2"]
[WhiteElo "2749"]
[BlackElo "2676"]
[Annotator "TA"]
[PlyCount "64"]
[EventDate "2020.10.31"]
[EventType "k.o."]
[SourceTitle "playchess.com"]
[Source "ChessBase"]
[SourceQuality "1"]

{[%evp 13,64,3,8,7,3,3,4,12,23,23,15,17,8,8,24,11,37,26,36,-15,-12,-12,-12,-45,-33,-28,-37,-27,-37,-33,-23,-43,-19,-17,-18,-35,-33,-38,-9,-12,0,0,0,0,0,0,0,0,0,0,0,0,0]} 1. Nf3 Nf6 2. g3 g6 3. Bg2 Bg7 4. O-O O-O 5. d4 d5 6. c4 c6 7. Ne5 Be6 8. cxd5 {D78: Fianchetto Grünfeld: 6 0-0 c6.} Bxd5 9. Nf3 Ne4 10. Qc2 Nd7 11. Nc3 Nxc3 12. bxc3 {[#]} c5 $146 ({Predecessor:} 12... Nf6 13. c4 Bxf3 14. Bxf3 Qxd4 15. Rb1 Qd7 16. Bf4 b6 17. Rfd1 Qb7 {0-1 (46) Loukili,A (2089)-Beranger,N (2110) France 2010}) 13. e4 Bc4 14. Re1 cxd4 15. cxd4 Rc8 16. Qb2 {[#]} ({Better is} 16. Bg5 $14) 16... Nc5 $1 $36 {[%mdl 2624] Hoping for ...Nd3. Pin. White is under pressure.} 17. Qa3 (17. dxc5 Bxb2) 17... Ne6 18. Be3 Nxd4 19. Nxd4 Bxd4 20. Rad1 e5 21. Bxd4 exd4 22. Qxa7 b6 {Threatens to win with ...Ra8.} 23. Qa3 Ra8 24. Qc1 b5 25. Bf1 Bxf1 26. Rxf1 {The position is equal.} Rxa2 27. Qb1 Ra5 28. Qb4 Qb6 29. Qxd4 Qxd4 30. Rxd4 Ra4 31. Rd5 Rxe4 32. Rxb5 Re6 {Av CentiPawn Loss W=-5/B=-4. Weighted=-5/-3} 1/2-1/2

[Event "Speed Chess Championship 2020"]
[Site "Online"]
[Date "2020.11.15"]
[Round "1.5"]
[White "Duda, Jan-Krzysztof"]
[Black "Caruana, Fabiano"]
[Result "0-1"]
[WhiteElo "2743"]
[BlackElo "2823"]
[Annotator "TA"]
[PlyCount "74"]
[EventDate "2020.10.31"]
[EventType "k.o."]
[EventCountry "NET"]
[SourceTitle "playchess.com"]
[Source "ChessBase"]
[SourceQuality "1"]

{[%evp 16,74,19,0,0,0,0,0,8,0,0,0,0,-49,0,0,0,-36,-23,-26,-25,-18,0,-61,-65,-101,-79,-62,-31,-83,-48,-61,-51,-57,-52,-47,0,-97,-86,-78,-95,-126,-123,-132,-143,-143,-126,-152,-96,-120,-110,-127,0,-306,-299,-270,-249,-29996,-29997,-29997,-29998]} 1. e4 e6 2. d4 d5 3. Nc3 Nf6 4. e5 Nfd7 5. f4 c5 6. Nf3 Nc6 7. Be3 Be7 8. Qd2 a6 9. Be2 b5 {C11: French: Classical System: 4 e5 and 4 Bg5 dxe4.} 10. a3 O-O {10...Bb7 is not played anymore.} 11. O-O Qb6 {The position is equal.} 12. dxc5 Bxc5 13. Bxc5 Nxc5 14. Kh1 Bb7 (14... d4 $5 {[%cal Rd4c3]} 15. Nd1 (15. Nxd4 $2 Rd8 $17) 15... Bb7 $11) 15. Bd3 h6 {[#]} 16. Rae1 $146 ({Predecessor:} 16. Qf2 b4 17. axb4 Qxb4 18. Ne2 f6 19. Qe3 fxe5 20. Nxe5 Nxe5 21. Qxe5 Rf6 22. Rfe1 {½-½ (66) Schoorl,R (2337)-Lund,S (2410) Copenhagen 2014}) 16... Rad8 17. Qf2 b4 18. Ne2 d4 19. Ng3 (19. Nd2 $11) 19... Ne7 20. Rd1 bxa3 21. bxa3 Qb2 22. Nh4 (22. f5 $15 exf5 23. Bxf5) 22... Rc8 23. Nh5 Nxd3 {[#]} 24. Qg3 $1 {[%csl Gh5][%cal Rg3g7][%mdl 576] Double Attack} g6 {Threatens to win with ...Nc5.} 25. cxd3 Ba8 26. Rb1 (26. f5 $11 {remains equal.}) 26... Qd2 $17 27. Nf6+ Kg7 28. Ne4 Qe3 $1 29. Nd6 {Black should prevent f5.} Rc2 30. f5 Qxg3 31. f6+ {[%mdl 64] [#] Double Attack} Kg8 $1 32. hxg3 Nd5 {Strongly threatening ...g5.} 33. Rfc1 Re2 (33... Rd2 $17 34. Nf3 Rxd3) 34. Rc8 $2 {[%mdl 8192]} (34. Nc8 $1 $11) 34... Rxc8 $19 35. Nxc8 {[#]} Ne3 $1 {White must now prevent ...g5.} ({Weaker is} 35... Rxe5 36. Ne7+ (36. Nd6 $2 Nxf6 37. Nf3 Rh5+ 38. Kg1 Nd7 $19) 36... Kh7 {[#]} 37. Nexg6 $1 $16 {[%mdl 512]}) 36. Rb8 $2 (36. Nb6 $19 Bc6 37. Rc1) 36... Re1+ 37. Kh2 Ng4+ {[%mdl 64] Double Attack, Discovered Attack.  Weighted Error Value: White=0.59/Black=0.12} 0-1

[Event "Speed Chess Championship 2020"]
[Site "Online"]
[Date "2020.11.12"]
[Round "1.5"]
[White "Nakamura, Hikaru"]
[Black "Martirosyan, Haik M."]
[Result "1-0"]
[WhiteElo "2736"]
[BlackElo "2622"]
[Annotator "TA"]
[PlyCount "67"]
[EventDate "2020.10.31"]
[EventType "k.o."]
[SourceTitle "playchess.com"]
[Source "ChessBase"]
[SourceQuality "1"]

{[%evp 19,67,0,6,8,7,18,14,0,53,25,42,51,59,36,83,35,84,26,69,51,69,51,149,143,135,148,142,82,93,114,247,237,257,251,241,252,250,251,228,206,527,517,492,220,541,528,804,760,29997,0]} 1. Nf3 Nf6 2. d4 e6 3. c4 b6 4. g3 Ba6 5. b3 Bb4+ 6. Bd2 Be7 7. Nc3 d5 8. cxd5 exd5 9. Bg2 O-O 10. O-O Re8 {10...Nbd7 is a critical line.} 11. Rc1 {E15: Queen's Indian: 4 g3 sidelines, 4 g3 Ba6 and 4 g3 Bb7 early deviations.} Nbd7 12. Ne5 Bb7 13. Bg5 {The position is equal.} Nf8 (13... c6 $11) 14. e3 Ne6 15. Bxf6 Bxf6 16. b4 $1 {[#]} c6 $146 ({Predecessor:} 16... a6 17. Nd3 c6 18. Qb3 Qd6 19. Na4 Qd8 20. Rfe1 Rb8 21. a3 Ba8 22. h4 g6 {1-0 (47) Moskalenko,A (2514)-Swiercz,D (2649) Minsk 2017}) 17. Qb3 Qd6 {[#]} 18. f4 ({White should try} 18. Ng4 $1 $16) 18... Nc7 19. Rc2 Be7 20. a3 {[%cal Ba2a3,Ba3a4][%mdl 32]} a5 (20... Qe6 $14) 21. bxa5 $16 b5 22. a4 Rxa5 23. Rfc1 (23. axb5 $142 cxb5 {[#]} 24. Ne4 $1 {[%mdl 512]}) 23... Qa3 24. Qb1 Qd6 {A mistake that costs the game.} (24... Rd8 $16) 25. axb5 $18 cxb5 26. Ne4 $1 {[%cal Re4d6][%mdl 64] Discovered Attack} dxe4 27. Rxc7 Ba8 28. Bxe4 Bxe4 29. Qxe4 {aiming for Rc8.} Ra1 $2 (29... Raa8 30. Kg2 Qa6) 30. Rxa1 Qxc7 31. Qc6 (31. Nc6 $142 Qd7 32. Nxe7+ Kf8 33. Qxh7 Kxe7 34. Qxg7) 31... Qb8 $2 (31... Qxc6 {is a better chance.} 32. Nxc6 Bf8) 32. Qd5 Rf8 {[#]} 33. Nxf7 $1 {[%mdl 512]} b4 {[#]} (33... Rxf7 34. Ra8) 34. Nh6+ $1 {[%mdl 32832] Discovered Attack (Double check).  Weighted Error Value: White=0.24/Black=0.81. Loss on time!?} 1-0

[Event "Speed Chess Championship 2020"]
[Site "Online"]
[Date "2020.11.16"]
[Round "1.5"]
[White "Artemiev, Vladislav"]
[Black "Giri, Anish"]
[Result "1-0"]
[WhiteElo "2708"]
[BlackElo "2764"]
[Annotator "TA"]
[PlyCount "109"]
[EventDate "2020.10.31"]
[EventType "k.o."]
[EventCountry "NET"]
[SourceTitle "playchess.com"]
[Source "ChessBase"]
[SourceQuality "1"]

{[%evp 10,109,12,10,12,12,12,12,14,8,9,10,11,5,31,28,31,32,35,28,33,36,51,51,51,51,57,55,64,14,17,20,113,103,110,103,110,110,103,9,97,103,146,142,157,145,152,154,175,128,186,156,193,182,195,194,263,196,422,419,377,131,127,94,132,78,78,49,49,8,8,14,598,584,1235,1205,5700,5169,29970,29971,29970,29971,29972,29971,29973,29974,29974,29976,29975,29977,29976,29975,29976,29977,29980,29981,29980,29980,29980,29981,29981,29982]} 1. d4 Nf6 2. c4 e6 3. Nc3 Bb4 4. Bd2 c5 5. a3 Bxc3 6. Bxc3 Ne4 {E20: Nimzo-Indian: 4 g3 and 4 f3.} 7. Rc1 b6 8. Nf3 O-O {The position is equal.} 9. g3 Bb7 10. Bg2 d6 11. O-O Nxc3 12. Rxc3 Nd7 {[%cal Bb8d7,Bd7c5,Bc5e4][%mdl 32] [#]} 13. dxc5 $146 ({Predecessor:} 13. Rd3 d5 14. cxd5 Bxd5 15. Ne5 c4 16. Rc3 Bxg2 17. Kxg2 Nxe5 18. dxe5 b5 19. Qxd8 Rfxd8 {0-1 (42) Puric,I-Roljevic,D (2102) Sabac 2014}) 13... Nxc5 14. b4 Ne4 15. Rd3 Qe7 16. Nd2 Nxd2 17. Qxd2 Bxg2 18. Kxg2 Rac8 19. Qf4 Rfd8 20. Rfd1 {[%cal Rd3d6]} h6 (20... Rc6 $11 {remains equal.}) 21. Rxd6 $16 Rxd6 22. Qxd6 ({Of course not} 22. Rxd6 Rxc4 23. Qd2 Rc7 $11) 22... Qxd6 23. Rxd6 Rxc4 {[%mdl 4096] Endgame KR-KR} 24. Rd8+ Kh7 25. Rd7 Kg6 26. Rxa7 Rc3 27. a4 Rb3 28. b5 $1 Ra3 29. e3 h5 (29... f5 $16 30. h4 Kf6) 30. Kf3 $18 Ra2 31. h3 Kf6 32. Ra6 g5 (32... Kf5 $142 33. Rxb6 Rxa4) 33. Ke4 $1 ({Weaker is} 33. Rxb6 Rxa4 34. g4 hxg4+ 35. hxg4 Rb4 $16) 33... g4 $2 (33... h4) 34. hxg4 hxg4 {[#]} 35. Kf4 $2 (35. Kd4 $1 $18) 35... Rxf2+ $16 36. Kxg4 Rb2 37. Kf3 (37. e4 $142) 37... Rb4 38. Ra7 Kg6 39. Ke2 f5 $1 40. Kd3 {aiming for Ra6.} Kg5 $2 {[%mdl 8192] [#] Loses the game.} (40... Re4 $11) 41. Ra6 $1 $18 Kg4 42. Rxb6 Rxa4 43. Rxe6 Kxg3 44. b6 {White mates.} Rb4 45. Kc3 Rb1 46. Kd4 Kf3 47. Kc5 Rc1+ 48. Kd6 Rd1+ 49. Kc7 Rc1+ 50. Rc6 Rb1 51. Rc3 Ke2 52. b7 Kd2 53. Ra3 Rc1+ 54. Kb6 Rb1+ 55. Ka7 {Weighted Error Value: White=0.12/Black=0.45} 1-0

[Event "Speed Chess Championship 2020"]
[Site "Online"]
[Date "2020.11.15"]
[Round "1.6"]
[White "Caruana, Fabiano"]
[Black "Duda, Jan-Krzysztof"]
[Result "0-1"]
[WhiteElo "2823"]
[BlackElo "2743"]
[Annotator "TA"]
[PlyCount "44"]
[EventDate "2020.10.31"]
[EventType "k.o."]
[EventCountry "NET"]
[SourceTitle "playchess.com"]
[Source "ChessBase"]
[SourceQuality "1"]

{[%evp 9,44,26,32,2,8,15,17,17,16,13,13,13,7,20,18,-36,-38,-22,-28,-171,-133,-155,-136,-314,-291,-561,-625,-620,-615,-619,-619,-612,-616,-581,-566,-1273,-1235]} 1. e4 c5 2. Nf3 d6 3. d4 cxd4 4. Nxd4 Nf6 5. Nc3 a6 6. h4 {B90: Sicilian Najdorf: Unusual White 6th moves, 6 Be3 Ng4 and 6 Be3 e5.} e5 7. Nb3 Be6 8. f4 {The position is equal.} exf4 9. Bxf4 Nc6 10. Qd2 d5 {White must now prevent ...d4. 10...Be7 is the hot move.} 11. O-O-O {[%cal Re4d5]} Bb4 12. Qe3 {[#]} (12. Bg5 $11 dxe4 13. Qf2) 12... d4 $1 $15 {[%cal Rd4e3][%mdl 512]} 13. Nxd4 Bc5 {[%cal Rc5d4]} 14. Nce2 {[#]} (14. Nxe6 $11 {and White stays safe.} Bxe3+ 15. Bxe3 Qxd1+ 16. Nxd1 fxe6 17. Nf2) 14... Qb6 $1 $19 {[#]} 15. Kb1 $146 ({Predecessor:} 15. c3 Bxa2 16. g4 Bb3 17. Bg2 Qa5 18. e5 Nxd4 19. Nxd4 Qa1+ 20. Kd2 Qxb2+ 21. Ke1 {1-0 (41) Tsydypov,Z (2528)-Oganian,M (2462) Sochi 2017}) 15... Ng4 16. Qc3 $2 {Now White is beyond hope.} (16. Qg1 $17 {is the only way for White.}) 16... Rd8 17. Nxe6 $2 (17. Qg3 {might work better.} Bxd4 18. Nxd4 Rxd4 19. Be2) 17... Rxd1+ {Black is clearly winning.} 18. Bc1 fxe6 19. Qxg7 Rf8 20. Qxg4 {White wants to play Ng3.} Ba3 {[%csl Ga3][%cal Rb6b2]} 21. Qxe6+ {[#]} Kd8 $1 {[%csl Ga3][%cal Rb6b2][%mdl 512]} 22. b3 {[#]} Qd4 $1 {[%mdl 576] Back Rank.  Weighted Error Value: White=0.93/Black=0.01} 0-1

[Event "Speed Chess Championship 2020"]
[Site "Online"]
[Date "2020.11.11"]
[Round "1.6"]
[White "Aronian, Levon"]
[Black "Nepomniachtchi, Ian"]
[Result "1-0"]
[WhiteElo "2781"]
[BlackElo "2784"]
[Annotator "TA"]
[PlyCount "61"]
[EventDate "2020.10.31"]
[EventType "k.o."]
[SourceTitle "playchess.com"]
[Source "ChessBase"]
[SourceQuality "1"]

{[%evp 11,61,-3,-12,-13,25,24,18,19,34,0,5,0,0,-5,0,-5,0,0,11,0,35,18,39,15,45,41,33,35,32,34,47,42,76,75,82,81,81,37,87,86,527,143,129,128,655,100,96,102,102,102,812,708]} 1. e4 c5 2. Nf3 d6 3. c3 Nf6 4. Be2 g6 5. O-O Bg7 6. d3 O-O 7. Be3 {B50: Sicilian: 2...d6, Miscellaneous.} c4 {[#]} 8. d4 $146 ({Predecessor:} 8. Qc2 Nc6 9. dxc4 Be6 10. Nbd2 Rc8 11. Rac1 Ne5 12. b3 Nxf3+ 13. Bxf3 Ng4 14. Bxg4 Bxg4 {1-0 (31) Haverkamp,K (1349)-Horwath,S (925) Wolfsberg 2004}) 8... Nxe4 9. Bxc4 {The position is equal.} d5 10. Bd3 Nc6 11. Nbd2 Bf5 12. Bxe4 (12. Nb3 {is interesting.} e6 13. Bf4 Nd6 14. Re1 Bxd3 15. Qxd3 Rc8 16. h3) 12... dxe4 13. Ng5 e5 14. dxe5 Nxe5 15. Ngxe4 Bxe4 16. Nxe4 Nc4 $1 17. Bc5 {[#] And now Qe2 would win.} Re8 18. Nd6 Nxd6 19. Bxd6 Qb6 20. Ba3 Rad8 21. Qc2 Bh6 22. Rad1 Rxd1 23. Rxd1 Qe6 {( -> ...Qe1+!)} 24. h3 Qxa2 {[#]} 25. Qa4 $1 {[%mdl 576] Double Attack} Ra8 $2 {[%mdl 8192]} (25... Qe6 $16) 26. Qe4 $2 (26. Qh4 $18 {Threatening mate with Rd8+.} Re8 27. Qxh6) 26... Qb3 $16 27. Rd7 {aiming for Qh4.} Rb8 $2 {[%mdl 8192]} (27... Bf8 $16) 28. Bd6 $2 $40 {[%mdl 128] White goes for the king.} (28. Qh4 $18 {has better winning chances. White threatens Rd8+ and mate.} Re8 29. Qxh6) 28... Qd1+ 29. Kh2 {Black must now prevent Qc4!} Bf8 30. Qf4 Qd5 $2 {[%mdl 8192]} (30... Bxd6 $16 31. Rxd6 Qb3) 31. Bxf8 {Weighted Error Value: White=0.75/Black=0.72} ({Inferior is} 31. Bxb8 Qxd7 32. g3 a6 $11) 1-0